000 00533nam a22001697a 4500
003 OSt
005 20260210120308.0
008 260210b |||||||| |||| 00| 0 eng d
040 _cMRSPTU
041 _aEnglish
100 _aAkhil Ratra, Supervisor: Dr. Sanjiv Aggarwal
245 _aCamber Prediction & Control in Prestressed Bridge Girders
260 _bDepartment of Civil Engg. MRSPTU, Bathinda
_c2014
650 _aCivil Engineering
856 _uhttp://163.47.215.52:8080/jspui/handle/123456789/1100
942 _2ddc
_cTH
_n0
999 _c10881
_d10881